000 01215nam a2200265 a 4500
001 85250
003 BD-RjUL
005 20250721122511.0
008 250721s2025 bg ||||| |||| 00| 0 eng d
020 _a9789845970426
035 _a(BD-RjUL)85250
040 _aBD-RjUL
_beng
_cBD-RjUL
041 _aben
082 _223
_a371.81095492
_bROB 2025
100 _aরায়, অনুপম দেবাশীষ
_916112
245 _aবিদ্রোহ থেকে বিপ্লব :
_bনিরাপদ সড়ক আন্দোলন থেকে জুলাই অভ্যুত্থান /
_cঅনুপম দেবাশীষ রায়
300 _a১৮৮ পৃ.;
_c২২ সেমি.
650 _aছাত্র আন্দোলন
_zবাংলাদেশ
_916123
650 _aStudent movements
_zBangladesh
_916124
650 _aবাংলাদেশ
_y জুলাই গণঅভ্যুত্থান,২০২৪
_916113
650 _aBangladesh
_yJuly, Mass Uprising 2024
_916115
650 _aবাংলাদেশ
_xগণপ্রতিরোধ ও বিপ্লব
_916114
651 _aBangladesh
_yJuly Revolution, 2024
_916116
942 _2ddc
_cBK
999 _c85250
_d85250